|
|
|
|
| LEADER |
02566nam a22004575i 4500 |
| 001 |
978-88-470-1986-7 |
| 003 |
DE-He213 |
| 005 |
20151204140818.0 |
| 007 |
cr nn 008mamaa |
| 008 |
110628s2011 it | s |||| 0|ita d |
| 020 |
|
|
|a 9788847019867
|9 978-88-470-1986-7
|
| 024 |
7 |
|
|a 10.1007/978-88-470-1986-7
|2 doi
|
| 040 |
|
|
|d GrThAP
|
| 050 |
|
4 |
|a QC1-75
|
| 072 |
|
7 |
|a PH
|2 bicssc
|
| 072 |
|
7 |
|a SCI055000
|2 bisacsh
|
| 082 |
0 |
4 |
|a 530
|2 23
|
| 100 |
1 |
|
|a Pallottino, Giovanni Vittorio.
|e author.
|
| 245 |
1 |
0 |
|a Il rumore elettrico
|h [electronic resource] :
|b Dalla fisica alla progettazione /
|c by Giovanni Vittorio Pallottino.
|
| 264 |
|
1 |
|a Milano :
|b Springer Milan :
|b Imprint: Springer,
|c 2011.
|
| 300 |
|
|
|a VII, 147 pagg.
|b online resource.
|
| 336 |
|
|
|a text
|b txt
|2 rdacontent
|
| 337 |
|
|
|a computer
|b c
|2 rdamedia
|
| 338 |
|
|
|a online resource
|b cr
|2 rdacarrier
|
| 347 |
|
|
|a text file
|b PDF
|2 rda
|
| 490 |
1 |
|
|a UNITEXT,
|x 2038-5714
|
| 520 |
|
|
|a L’opera fornisce una trattazione chiara, agile ed essenziale, ma completa, del rumore elettrico, argomento considerato generalmente oscuro e specialistico. Molto più breve (circa 275mila battute) dei testi attualmente disponibili. Il contenuto copre gli aspetti essenziali della matematica e della fisica del rumore (termico, shot. 1/f, …), e della sua rappresentazione nei circuiti. Discute quindi il rumore nei dispositivi passivi e attivi, e introduce i criteri di progettazione a basso rumore. Affronta infine brevemente questioni quali l’estrazione del segnale dal rumore e gli impieghi utili del rumore. L’attenzione è generalmente rivolta alla strumentazione fisica a bassa frequenza, in relazione alla pluridecennale esperienza specifica dell’autore. Si tratta di una estensione delle dispense, utilizzate per anni, di un corso universitario. Pertanto la trattazione è fortemente didattica, con particolare attenzione a rimuovere ambiguità e incertezze, discutendo il materiale in termini fisici intuitivi, presentando esempi esplicativi e proponendo esercizi.
|
| 650 |
|
0 |
|a Physics.
|
| 650 |
|
0 |
|a Acoustics.
|
| 650 |
|
0 |
|a Electronic circuits.
|
| 650 |
1 |
4 |
|a Physics.
|
| 650 |
2 |
4 |
|a Physics, general.
|
| 650 |
2 |
4 |
|a Acoustics.
|
| 650 |
2 |
4 |
|a Electronic Circuits and Devices.
|
| 710 |
2 |
|
|a SpringerLink (Online service)
|
| 773 |
0 |
|
|t Springer eBooks
|
| 776 |
0 |
8 |
|i Printed edition:
|z 9788847019850
|
| 830 |
|
0 |
|a UNITEXT,
|x 2038-5714
|
| 856 |
4 |
0 |
|u http://dx.doi.org/10.1007/978-88-470-1986-7
|z Full Text via HEAL-Link
|
| 912 |
|
|
|a ZDB-2-PHA
|
| 950 |
|
|
|a Physics and Astronomy (Springer-11651)
|